[Event "37th ECC Open 2022"]
[Site "Mayrhofen AUT"]
[Date "2022.10.07"]
[Round "5.6"]
[Board "5"]
[White "Huzman, Alexander"]
[Black "Borhy, Marcell"]
[Result "1/2-1/2"]
[WhiteTitle "GM"]
[BlackTitle "IM"]
[WhiteElo "2535"]
[BlackElo "2400"]
[WhiteTeam "Beer Sheva Chess Club"]
[BlackTeam "SK Dunajska Streda "]
[WhiteFideId "2803828"]
[BlackFideId "770787"]
[EventDate "2022.10.03"]

1. Nf3 d5 2. g3 Bg4 3. Bg2 Nd7 4. O-O e6 5. d3 Bd6 6. c4 c6 7. Nc3 Ngf6 8. h3
Bxf3 9. exf3 O-O 10. f4 dxc4 11. dxc4 Qc7 12. Qc2 Rfe8 13. Rb1 a5 14. a3 e5 15.
f5 Nb6 16. Bg5 Be7 17. Bxf6 Bxf6 18. c5 Nd7 19. b4 axb4 20. axb4 Rad8 21. Ne4
Be7 22. Rfe1 Nf6 23. Nxf6+ Bxf6 24. b5 e4 25. Rxe4 Bd4 26. Rd1 Rxe4 27. Qxe4
Bxc5 28. Rxd8+ Qxd8 29. bxc6 bxc6 30. Qxc6 Qd6 31. Qa8+ Qf8 32. Qa2 g6 33. Be4
Qd6 34. Kg2 Qe5 35. Qc2 Kg7 36. h4 Qd4 37. Qe2 Qe5 38. Qf3 Be7 39. Kh3 Qf6 40.
Bd3 Bd8 41. Qd5 Be7 42. f4 Qd6 43. Qc4 Qc5 1/2-1/2

[Event "37th ECC Open 2022"]
[Site "Mayrhofen AUT"]
[Date "2022.10.07"]
[Round "5.6"]
[Board "6"]
[White "Csonka, Attila Istvan"]
[Black "Kobo, Ori"]
[Result "0-1"]
[WhiteTitle "IM"]
[BlackTitle "GM"]
[WhiteElo "2314"]
[BlackElo "2544"]
[WhiteTeam "SK Dunajska Streda "]
[BlackTeam "Beer Sheva Chess Club"]
[WhiteFideId "716529"]
[BlackFideId "2812320"]
[EventDate "2022.10.03"]

1. e4 c5 2. Nf3 Nc6 3. d4 cxd4 4. Nxd4 g6 5. Nb3 Bg7 6. Be2 Nf6 7. Nc3 d6 8. O-O
O-O 9. Be3 Be6 10. f3 Rc8 11. Qd2 a6 12. Nd5 Bxd5 13. exd5 Ne5 14. c3 Qc7 15.
Rfd1 b5 16. Qd4 Nc4 17. Bxc4 bxc4 18. Nd2 h5 19. Ne4 Rb8 20. Rab1 Rb5 21. Nxf6+
Bxf6 22. Qa7 Qxa7 23. Bxa7 Ra8 24. Bd4 Bg5 25. b3 cxb3 26. c4 bxa2 27. cxb5
axb1=Q 28. Rxb1 axb5 29. Rxb5 f5 30. g3 Ra4 31. Bb2 Be3+ 32. Kf1 Rc4 33. Rb3 Bc5
34. Bc3 Ra4 35. Bd2 Ra1+ 36. Ke2 Rh1 37. h4 Rh2+ 38. Kd1 Rh1+ 39. Ke2 Rh2+ 40.
Kd1 Bf2 41. Bg5 Rh1+ 42. Kd2 Be1+ 43. Kc2 Bxg3 44. Bxe7 Rh2+ 45. Kd1 Kf7 46. Rb7
Ke8 47. Ra7 Bf4 48. Bg5 Rd2+ 49. Ke1 Bxg5 50. hxg5 Rxd5 0-1

[Event "37th ECC Open 2022"]
[Site "Mayrhofen AUT"]
[Date "2022.10.07"]
[Round "5.7"]
[Board "1"]
[White "Pijpers, Arthur"]
[Black "Tabatabaei, M. Amin"]
[Result "0-1"]
[WhiteTitle "IM"]
[BlackTitle "GM"]
[WhiteElo "2455"]
[BlackElo "2657"]
[WhiteTeam "LSG Leiden 1"]
[BlackTeam "FC Bayern München"]
[WhiteFideId "1019554"]
[BlackFideId "12521213"]
[EventDate "2022.10.03"]

1. e4 e5 2. Nf3 Nc6 3. Bb5 Nf6 4. O-O Nxe4 5. d4 Nd6 6. dxe5 Nxb5 7. a4 d6 8. e6
Bxe6 9. axb5 Ne5 10. Nd4 g6 11. Re1 Qf6 12. b6 cxb6 13. Nb5 Qd8 14. f4 Nc6 15.
N1c3 Bg7 16. f5 gxf5 17. Nxd6+ Kf8 18. Bf4 Qh4 19. Ra4 Rd8 20. Qc1 Qh5 21. Ncb5
Qg6 22. Nxa7 Bd5 23. Qd2 Nd4 24. Kh1 Nf3 25. Qxd5 Nxe1 26. Nab5 Qe6 27. Qxe6
fxe6 28. Bg5 Rxd6 29. Nxd6 Bxb2 30. Ra7 Kg7 31. Rxb7+ Kg6 32. Rxb6 Ra8 33. h4
Ra1 34. g4 fxg4 35. Nb5 Nf3+ 36. Kg2 Nxg5 37. hxg5 Kxg5 38. Nc7 Bf6 39. Rxe6 h5
40. Nd5 Bd4 41. c3 Rg1+ 42. Kh2 Bf2 43. Ne7 h4 44. Re5+ Kf6 45. Rf5+ Kxe7 46.
Rxf2 Rc1 47. Rf4 g3+ 48. Kg2 Rc2+ 49. Kg1 h3 50. Rf1 Ke6 51. c4 Ke5 52. c5 Rxc5
53. Ra1 Kf5 54. Rb1 Kg5 55. Ra1 Re5 56. Rb1 Kg4 57. Ra1 Rf5 58. Rb1 h2+ 0-1

[Event "37th ECC Open 2022"]
[Site "Mayrhofen AUT"]
[Date "2022.10.07"]
[Round "5.7"]
[Board "2"]
[White "Huschenbeth, Niclas"]
[Black "Jens, Jelmer"]
[Result "1-0"]
[WhiteTitle "GM"]
[BlackTitle "IM"]
[WhiteElo "2593"]
[BlackElo "2410"]
[WhiteTeam "FC Bayern München"]
[BlackTeam "LSG Leiden 1"]
[WhiteFideId "24604747"]
[BlackFideId "1007394"]
[EventDate "2022.10.03"]

1. e4 c5 2. Nf3 d6 3. d4 cxd4 4. Nxd4 Nf6 5. Nc3 Nc6 6. Bg5 e6 7. Qd2 a6 8. Nxc6
bxc6 9. O-O-O Be7 10. Bxf6 gxf6 11. Bc4 Bb7 12. Bb3 Qc7 13. Rhe1 O-O-O 14. Qe2
Rd7 15. Qg4 Qa5 16. f4 Rf8 17. f5 e5 18. Qf3 Bd8 19. Re3 Bb6 20. Red3 Rfd8 21.
Kb1 Bd4 22. Ne2 Ba7 23. Qh5 d5 24. Qxh7 Qb4 25. Ng3 a5 26. a3 Qe7 27. Qg7 Kb8
28. h4 Ba6 29. Rc3 Rd6 30. h5 Bd4 31. Rf3 R6d7 32. h6 dxe4 33. Nxe4 Be2 34. Rdd3
Bxf3 35. Rxf3 Rb7 36. h7 Qf8 37. Qxf8 Rxf8 38. Rg3 1-0

[Event "37th ECC Open 2022"]
[Site "Mayrhofen AUT"]
[Date "2022.10.07"]
[Round "5.7"]
[Board "3"]
[White "Van der Werf, Mark"]
[Black "Bogner, Sebastian"]
[Result "1/2-1/2"]
[WhiteTitle "IM"]
[BlackTitle "GM"]
[WhiteElo "2399"]
[BlackElo "2548"]
[WhiteTeam "LSG Leiden 1"]
[BlackTeam "FC Bayern München"]
[WhiteFideId "1000470"]
[BlackFideId "4692055"]
[EventDate "2022.10.03"]

1. d4 Nf6 2. c4 e6 3. Nc3 Bb4 4. e3 O-O 5. Bd3 d5 6. Nf3 dxc4 7. Bxc4 c5 8. O-O
cxd4 9. exd4 b6 10. Ne5 Bb7 11. Bg5 Nbd7 12. Nxd7 Qxd7 13. Bxf6 gxf6 14. d5 Bxc3
15. bxc3 Bxd5 16. Qg4+ Kh8 17. Qh4 Bxc4 18. Qxf6+ Kg8 19. Qg5+ Kh8 20. Qf6+ Kg8
21. Qg5+ Kh8 22. Qf6+ Kg8 1/2-1/2

[Event "37th ECC Open 2022"]
[Site "Mayrhofen AUT"]
[Date "2022.10.07"]
[Round "5.7"]
[Board "4"]
[White "Bischoff, Klaus"]
[Black "Willemze, Thomas"]
[Result "1-0"]
[WhiteTitle "GM"]
[BlackTitle "IM"]
[WhiteElo "2486"]
[BlackElo "2367"]
[WhiteTeam "FC Bayern München"]
[BlackTeam "LSG Leiden 1"]
[WhiteFideId "4600045"]
[BlackFideId "1007238"]
[EventDate "2022.10.03"]

1. d4 d5 2. c4 e6 3. Nf3 Nf6 4. Nc3 a6 5. cxd5 exd5 6. Bf4 Bd6 7. Be5 c6 8. Qc2
a5 9. Bxf6 gxf6 10. e3 Na6 11. a3 Be6 12. Bd3 h6 13. g3 Kf8 14. Nh4 Qd7 15. O-O
Nc7 16. Na4 Re8 17. Nc5 Qc8 18. b4 axb4 19. axb4 Rg8 20. Ra7 b6 21. Nxe6+ Nxe6
22. Rc1 Bb8 23. Ra3 c5 24. bxc5 bxc5 25. dxc5 d4 26. Bf5 dxe3 27. Rxe3 Bf4 28.
Bxe6 fxe6 29. Ng6+ 1-0

[Event "37th ECC Open 2022"]
[Site "Mayrhofen AUT"]
[Date "2022.10.07"]
[Round "5.7"]
[Board "5"]
[White "Piceu, Tom"]
[Black "Johansson, Linus"]
[Result "1/2-1/2"]
[WhiteTitle "IM"]
[BlackTitle "IM"]
[WhiteElo "2324"]
[BlackElo "2461"]
[WhiteTeam "KBSK Brugge"]
[BlackTeam "FC Bayern München"]
[WhiteFideId "201952"]
[BlackFideId "1711113"]
[EventDate "2022.10.03"]

1. e4 e6 2. d4 d5 3. e5 c5 4. c3 Nc6 5. Nf3 Bd7 6. a3 c4 7. Be2 Na5 8. Nbd2 Ne7
9. O-O Qc7 10. Qc2 Nc8 11. a4 Nb6 12. b4 cxb3 13. Nxb3 Nxb3 14. Qxb3 Rc8 15. a5
Nc4 16. Bxc4 dxc4 17. Qd1 Bc6 18. Ng5 Be7 19. Qg4 Qd7 20. Re1 b5 21. axb6 axb6
22. Ne4 Kf8 23. Ba3 b5 24. Bxe7+ Qxe7 25. Nd6 Rc7 26. Ra5 g6 27. Nxb5 Bxb5 28.
Rxb5 Kg7 29. Reb1 Ra8 30. Qf3 Ra3 31. g3 Qg5 32. Rb7 Rxb7 33. Rxb7 Qf5 34. Qxf5
gxf5 35. d5 exd5 36. e6 Rxc3 37. Kg2 Rc1 38. Rxf7+ Kg6 39. Rf8 Re1 40. Rd8 c3
41. e7 Rxe7 42. Rxd5 Rc7 43. Rd1 c2 44. Rc1 h5 45. Kf3 Kg5 46. h4+ Kf6 47. Ke3
Ke5 48. Kd3 f4 49. Rxc2 Rxc2 50. Kxc2 fxg3 51. fxg3 Kf5 52. Kd2 Kg4 53. Ke2 Kxg3
54. Kf1 Kxh4 55. Kg2 Kg4 1/2-1/2

[Event "37th ECC Open 2022"]
[Site "Mayrhofen AUT"]
[Date "2022.10.07"]
[Round "5.7"]
[Board "6"]
[White "Fedorovsky, Michael"]
[Black "Wiersma, Eelke"]
[Result "1/2-1/2"]
[WhiteTitle "IM"]
[BlackTitle "IM"]
[WhiteElo "2410"]
[BlackElo "2299"]
[WhiteTeam "FC Bayern München"]
[BlackTeam "LSG Leiden 2"]
[WhiteFideId "14105454"]
[BlackFideId "1002864"]
[EventDate "2022.10.03"]

1. d4 d5 2. c4 c6 3. cxd5 cxd5 4. Bf4 Qb6 5. Nc3 Nf6 6. e3 Qxb2 7. Rc1 Bf5 8.
Bb5+ Nc6 9. Nge2 e6 10. O-O Be7 11. Bd3 Bxd3 12. Qxd3 O-O 13. Rb1 Qa3 14. Rxb7
Na5 15. Rbb1 Rfc8 16. Rfd1 a6 17. Rb6 Nc4 18. Rb3 Qa5 19. h3 Bd6 20. Bxd6 Nxd6
21. Rdb1 g6 22. f3 Ra7 23. e4 Nc4 24. e5 Nd7 25. f4 Rac7 26. Kh2 f6 27. Rb4 Rc6
28. Rb7 R6c7 29. R7b4 Rc6 30. Rb7 R6c7 31. R7b4 1/2-1/2

[Event "37th ECC Open 2022"]
[Site "Mayrhofen AUT"]
[Date "2022.10.07"]
[Round "5.8"]
[Board "1"]
[White "Boruchovsky, Avital"]
[Black "Baldauf, Marco"]
[Result "1/2-1/2"]
[WhiteTitle "GM"]
[BlackTitle "GM"]
[WhiteElo "2548"]
[BlackElo "2506"]
[WhiteTeam "Kfar Saba Chess Club"]
[BlackTeam "Schach ohne Grenzen"]
[WhiteFideId "2800055"]
[BlackFideId "4688210"]
[EventDate "2022.10.03"]

1. e4 c6 2. d4 d5 3. e5 Bf5 4. Nf3 e6 5. Be2 Ne7 6. c3 h6 7. O-O Bh7 8. Nbd2 Ng6
9. Nb3 Be7 10. a4 O-O 11. c4 dxc4 12. Bxc4 Na6 13. g3 Qc7 14. Qe2 Nb4 15. Bd2
Rfd8 16. a5 Rac8 17. Rfc1 Nf8 18. Ra4 Nd5 19. Qe1 c5 20. Bf1 Qd7 21. Rac4 cxd4
22. Nfxd4 Rxc4 23. Rxc4 Rc8 24. Qc1 Rxc4 25. Qxc4 g5 26. a6 Nb6 27. Qb5 bxa6 28.
Qxd7 Nfxd7 29. Nc6 Bf8 30. Be3 Na4 31. Bd4 Nac5 32. Nba5 Nd3 33. Nc4 Be4 34.
Nxa7 Ne1 35. Be2 Nf3+ 36. Bxf3 Bxf3 37. Nc8 Bd5 38. N8d6 Kg7 39. Kf1 Kg6 40. Ke2
Be7 41. Ne3 Bxd6 42. exd6 Bc6 43. f4 f6 44. Kf2 Bb5 45. b4 1/2-1/2

[Event "37th ECC Open 2022"]
[Site "Mayrhofen AUT"]
[Date "2022.10.07"]
[Round "5.8"]
[Board "2"]
[White "Berchtenbreiter, Maximilian"]
[Black "Erenberg, Ariel"]
[Result "1-0"]
[WhiteTitle "IM"]
[BlackTitle "IM"]
[WhiteElo "2509"]
[BlackElo "2516"]
[WhiteTeam "Schach ohne Grenzen"]
[BlackTeam "Kfar Saba Chess Club"]
[WhiteFideId "24641120"]
[BlackFideId "2811634"]
[EventDate "2022.10.03"]

1. e4 e5 2. Nf3 Nc6 3. Bb5 a6 4. Ba4 Nf6 5. O-O Be7 6. Re1 b5 7. Bb3 d6 8. a4
Bg4 9. c3 Na5 10. Bc2 c5 11. h3 Bxf3 12. Qxf3 b4 13. d3 O-O 14. Nd2 Rb8 15. Nf1
Nd7 16. Ne3 Bg5 17. Qg4 g6 18. g3 Kh8 19. h4 Bxe3 20. Bxe3 f5 21. Qg5 Qe8 22.
exf5 gxf5 23. d4 bxc3 24. bxc3 cxd4 25. cxd4 Qf7 26. dxe5 Nxe5 27. Bd4 Nc6 28.
Bc3 f4 29. Rad1 fxg3 30. f4 Qc4 31. Qh6 Rf7 32. Re3 g2 33. Qxd6 Re8 34. Rxe5
Nxe5 35. Bxe5+ Kg8 36. Rd3 Re6 37. Qd8+ Rf8 38. Qg5+ Rg6 39. Qxg6+ hxg6 40. Bb3 1-0

[Event "37th ECC Open 2022"]
[Site "Mayrhofen AUT"]
[Date "2022.10.07"]
[Round "5.8"]
[Board "3"]
[White "Gorshtein, Ido"]
[Black "Ciolek, Andreas"]
[Result "1/2-1/2"]
[WhiteTitle "IM"]
[BlackTitle "FM"]
[WhiteElo "2471"]
[BlackElo "2301"]
[WhiteTeam "Kfar Saba Chess Club"]
[BlackTeam "Schach ohne Grenzen"]
[WhiteFideId "2815532"]
[BlackFideId "12906727"]
[EventDate "2022.10.03"]

1. d4 Nf6 2. c4 g6 3. Nc3 Bg7 4. e4 d6 5. h3 O-O 6. Be3 e5 7. d5 Na6 8. Nf3 Nh5
9. Nd2 Qe8 10. g3 f5 11. exf5 gxf5 12. Be2 Nf6 13. f4 Bd7 14. O-O Qg6 15. Kh2
Qh6 16. Kg2 Rae8 17. Nf3 Nh5 18. Nxe5 Nxg3 19. Kxg3 Rxe5 20. Bd4 Re7 21. Kh2 Nc5
22. Rf3 Ne4 23. Bxg7 Rxg7 24. Qd4 Rf6 25. Bf1 Qg6 26. Qe3 h5 27. Nxe4 fxe4 28.
Rg3 Qf5 29. Rxg7+ Kxg7 30. Bg2 Qxf4+ 31. Qxf4 Rxf4 32. Kg3 Rf7 33. h4 Bf5 34.
Re1 Re7 35. Kf4 Kf6 36. Bxe4 a5 37. Re3 Rxe4+ 38. Rxe4 Bxe4 39. Kxe4 b6 40. b3
Kg6 41. Kf4 Kf6 42. Ke4 Kg6 43. Kf4 Kf6 44. Ke4 1/2-1/2

[Event "37th ECC Open 2022"]
[Site "Mayrhofen AUT"]
[Date "2022.10.07"]
[Round "5.8"]
[Board "5"]
[White "Mindlin, Alon"]
[Black "Kruckenhauser, Arthur"]
[Result "0-1"]
[WhiteTitle "IM"]
[BlackTitle "FM"]
[WhiteElo "2426"]
[BlackElo "2327"]
[WhiteTeam "Kfar Saba Chess Club"]
[BlackTeam "Schach ohne Grenzen"]
[WhiteFideId "2800071"]
[BlackFideId "1642812"]
[EventDate "2022.10.03"]

1. d4 Nf6 2. Nf3 e6 3. c4 Bb4+ 4. Nc3 Bxc3+ 5. bxc3 d6 6. e3 O-O 7. Bd3 e5 8. e4
Qe7 9. Qe2 b6 10. Nd2 Nc6 11. Bb2 Ba6 12. O-O Nd7 13. f4 Rae8 14. fxe5 dxe5 15.
a4 Na5 16. c5 Bxd3 17. Qxd3 f5 18. c6 fxe4 19. Nxe4 Rxf1+ 20. Rxf1 Nf6 21. Nxf6+
gxf6 22. d5 e4 23. Qg3+ Qg7 24. Rxf6 e3 25. Rf3 e2 26. Qe1 Qe5 27. d6 cxd6 28.
c7 Nc4 29. Bc1 Qc5+ 30. Kh1 Qxc7 31. Bh6 Qe7 32. Rf4 d5 33. h3 Na3 34. Kh2 Nc2
35. Qg3+ Kh8 36. Bg5 e1=Q 37. Qg4 Ne3 38. Qf3 Nf1+ 0-1

[Event "37th ECC Open 2022"]
[Site "Mayrhofen AUT"]
[Date "2022.10.07"]
[Round "5.8"]
[Board "6"]
[White "Meier, Alexander"]
[Black "Givon, Asaf"]
[Result "0-1"]
[BlackTitle "IM"]
[WhiteElo "2221"]
[BlackElo "2434"]
[WhiteTeam "Schach ohne Grenzen"]
[BlackTeam "Kfar Saba Chess Club"]
[WhiteFideId "1617214"]
[BlackFideId "2801841"]
[EventDate "2022.10.03"]

1. e4 c5 2. Nf3 e6 3. g3 d5 4. e5 Nc6 5. Bg2 g5 6. h3 Bg7 7. d4 cxd4 8. Bxg5
Qa5+ 9. Nbd2 Qa6 10. Nb3 Nxe5 11. Nfxd4 Nf6 12. Qe2 Qxe2+ 13. Nxe2 O-O 14. O-O-O
b6 15. Nc3 Bb7 16. Rhe1 Nc4 17. Kb1 Rfc8 18. Bd2 Ne8 19. Re2 Ba6 20. Ree1 Ned6
21. Bc1 Nxb2 22. Nxd5 Nxd1 23. Ne7+ Kf8 24. Rxd1 Nb5 25. Nxc8 Nc3+ 26. Kb2 Nxd1+
27. Ka3 Rxc8 0-1

[Event "37th ECC Open 2022"]
[Site "Mayrhofen AUT"]
[Date "2022.10.07"]
[Round "5.9"]
[Board "1"]
[White "Heimann, Andreas"]
[Black "Bruedigam, Martin"]
[Result "1/2-1/2"]
[WhiteTitle "GM"]
[BlackTitle "IM"]
[WhiteElo "2573"]
[BlackElo "2375"]
[WhiteTeam "Schachgesellschaft Riehen"]
[BlackTeam "SK König Tegel 1949"]
[WhiteFideId "24624632"]
[BlackFideId "24608033"]
[EventDate "2022.10.03"]

1. d4 Nf6 2. c4 e6 3. Nf3 a6 4. Nc3 d5 5. cxd5 exd5 6. Bg5 Be6 7. Bxf6 Qxf6 8.
Qb3 Ra7 9. g3 Qd8 10. h4 Be7 11. Bh3 Bxh3 12. Rxh3 c6 13. Kf1 Nd7 14. Kg2 O-O
15. e4 dxe4 16. Nxe4 Nf6 17. Re1 Nxe4 18. Rxe4 Bf6 19. Rh1 Qd7 20. g4 g6 21. h5
Raa8 22. hxg6 hxg6 23. g5 Bg7 24. Rhe1 Rfe8 25. Rxe8+ Rxe8 26. Rxe8+ Qxe8 27.
Qxb7 Bxd4 28. Nxd4 Qe4+ 29. Kg3 Qxd4 30. Qxc6 Qe5+ 31. Kf3 Qf5+ 32. Ke2 Qe5+ 33.
Kd3 Qxb2 34. Qc8+ Kh7 35. Qxa6 Qxf2 36. Qc4 Qg3+ 37. Kc2 Qxg5 38. Qxf7+ Kh6 39.
Qf8+ Kh5 40. Qf3+ Kh6 41. a4 Qc5+ 42. Qc3 Qf5+ 43. Kb3 Qe6+ 44. Qc4 Qb6+ 45. Qb5
Qe6+ 46. Kc3 Qe3+ 47. Kc4 Qe4+ 48. Kc5 Qe5+ 49. Kc6 Qe6+ 50. Kc7 Qe7+ 51. Qd7
Qe5+ 52. Kb6 Qb8+ 53. Kc5 Qe5+ 54. Qd5 Qc7+ 55. Qc6 Qe7+ 56. Kb6 Qe3+ 57. Kb5
Qe2+ 58. Kc5 Qe5+ 59. Kc4 Qe2+ 60. Kd5 Qf3+ 61. Kd6 Qf6+ 62. Kc5 Qe5+ 63. Qd5
Qc7+ 64. Kb5 Qb8+ 65. Kc4 Qf4+ 66. Qd4 Qf1+ 67. Kc5 Qf5+ 68. Kc4 1/2-1/2

[Event "37th ECC Open 2022"]
[Site "Mayrhofen AUT"]
[Date "2022.10.07"]
[Round "5.9"]
[Board "2"]
[White "Mueller, Nick"]
[Black "Brunner, Nicolas"]
[Result "1/2-1/2"]
[WhiteTitle "FM"]
[BlackTitle "IM"]
[WhiteElo "2368"]
[BlackElo "2448"]
[WhiteTeam "SK König Tegel 1949"]
[BlackTeam "Schachgesellschaft Riehen"]
[WhiteFideId "24692093"]
[BlackFideId "620246"]
[EventDate "2022.10.03"]

1. d4 Nf6 2. c4 e6 3. Nc3 Bb4 4. Qc2 O-O 5. e4 d5 6. e5 Ne4 7. Bd3 c5 8. Ne2
cxd4 9. Nxd4 Nd7 10. Bf4 Qh4 11. g3 Qh5 12. h4 Nxe5 13. Be2 Qg6 14. Bxe5 f6 15.
h5 Qe8 16. cxd5 fxe5 17. Qxe4 exd4 18. Qxd4 Bxc3+ 19. bxc3 exd5 20. h6 gxh6 21.
Rxh6 Rf5 22. Kf1 Qf8 23. Rh4 Qf6 24. Bd3 Qxd4 25. cxd4 Rf7 26. Re1 Bf5 27. Bxf5
Rxf5 28. Re7 Raf8 29. f4 R5f7 30. Rg4+ Kh8 31. Re5 Rd8 32. Kg2 b5 33. Rgg5 Rfd7
34. Re6 Rc7 35. Kf3 Rc3+ 36. Kg4 Ra3 37. Re7 Rxa2 38. Rh5 Rg8+ 39. Kh3 Rg7 40.
Re8+ Rg8 41. Re7 Rg7 42. Re8+ 1/2-1/2

[Event "37th ECC Open 2022"]
[Site "Mayrhofen AUT"]
[Date "2022.10.07"]
[Round "5.9"]
[Board "3"]
[White "Breder, Dennis"]
[Black "Rietze, Clemens"]
[Result "1/2-1/2"]
[WhiteTitle "IM"]
[BlackTitle "FM"]
[WhiteElo "2450"]
[BlackElo "2299"]
[WhiteTeam "Schachgesellschaft Riehen"]
[BlackTeam "SK König Tegel 1949"]
[WhiteFideId "4636945"]
[BlackFideId "24620351"]
[EventDate "2022.10.03"]

1. e4 c6 2. Nf3 d5 3. d3 dxe4 4. dxe4 Qxd1+ 5. Kxd1 Nd7 6. Nbd2 Nc5 7. Ne5 Nf6
8. Bc4 e6 9. f3 Bd6 10. Nd3 Nfd7 11. a4 a5 12. Nxc5 Nxc5 13. Be2 Bc7 14. c3 b6
15. Kc2 Ba6 16. Bxa6 Rxa6 17. b3 Kd8 18. Ba3 Nb7 19. Nc4 Kc8 20. Rad1 b5 21. Nb2
Rd8 22. Rxd8+ Kxd8 23. Bf8 g6 24. Rd1+ Ke8 25. Bg7 Ra8 26. Bf6 Bd8 27. Bd4 f6
28. g4 e5 29. Be3 Be7 30. Nd3 Kf7 31. g5 Rf8 32. gxf6 Kxf6 33. Kd2 Ke6 34. Ke2
Bd6 35. h4 Rb8 36. Ba7 Ra8 37. Bf2 Rb8 38. Ra1 Nd8 39. axb5 Rxb5 40. Nc1 Bc7 41.
c4 Rb8 42. Nd3 Ke7 43. Nc5 Ne6 44. Nxe6 1/2-1/2

[Event "37th ECC Open 2022"]
[Site "Mayrhofen AUT"]
[Date "2022.10.07"]
[Round "5.9"]
[Board "4"]
[White "Giemsa, Stephan"]
[Black "Georgiadis, Ioannis"]
[Result "0-1"]
[WhiteTitle "FM"]
[BlackTitle "IM"]
[WhiteElo "2263"]
[BlackElo "2467"]
[WhiteTeam "SK König Tegel 1949"]
[BlackTeam "Schachgesellschaft Riehen"]
[WhiteFideId "4606884"]
[BlackFideId "4208900"]
[EventDate "2022.10.03"]

1. d4 Nf6 2. c4 e6 3. g3 d5 4. Bg2 dxc4 5. Nf3 a6 6. O-O Nc6 7. Nbd2 b5 8. b3 c3
9. Nb1 b4 10. a3 Rb8 11. axb4 Bxb4 12. Qd3 e5 13. Nxc3 exd4 14. Na4 O-O 15. Bb2
Na5 16. Nxd4 c5 17. Nc6 Nxc6 18. Bxc6 Qxd3 19. exd3 Be6 20. d4 Rfc8 21. Bg2 cxd4
22. Bxd4 Bxb3 23. Rfb1 Bc2 24. Rb2 Bxa4 25. Rxa4 Rc1+ 26. Bf1 a5 27. Bxf6 gxf6
28. Kg2 Kf8 29. Bd3 Rc5 30. g4 h6 31. Raa2 Rd8 32. Bc2 Rd2 33. Ba4 Rd4 34. h3 f5
35. f3 Ke7 36. Re2+ Kf6 37. Rac2 f4 38. Rxc5 Bxc5 39. Ra2 Ke7 40. Kf1 Rd3 41.
Bc6 Bb4 42. Ke2 Re3+ 43. Kd1 Kd6 44. Ba8 Kc5 45. Kc2 Kc4 46. Bb7 Re2+ 47. Kb1
Re1+ 48. Kc2 Rh1 49. Rb2 Rxh3 50. Ba6+ Kd4 51. Rb3 Rh2+ 52. Kb1 Rd2 53. Bb5 Bc3
54. Be8 Rf2 55. Bc6 Bb4 56. Bb5 Kc5 57. Be8 f6 58. Rd3 Kc4 59. Bg6 a4 0-1

[Event "37th ECC Open 2022"]
[Site "Mayrhofen AUT"]
[Date "2022.10.07"]
[Round "5.9"]
[Board "5"]
[White "Cvitan, Ognjen"]
[Black "Acikel, Mert"]
[Result "1/2-1/2"]
[WhiteTitle "GM"]
[BlackTitle "CM"]
[WhiteElo "2446"]
[BlackElo "2197"]
[WhiteTeam "Schachgesellschaft Riehen"]
[BlackTeam "SK König Tegel 1949"]
[WhiteFideId "14500086"]
[BlackFideId "12956465"]
[EventDate "2022.10.03"]

1. d4 d5 2. c4 e6 3. Nc3 Nf6 4. cxd5 exd5 5. Bg5 c6 6. e3 h6 7. Bh4 Be7 8. Qc2
O-O 9. Bd3 Re8 10. Nge2 a5 11. O-O Na6 12. a3 Nc7 13. Rad1 Ne6 14. f3 b5 15. Bf2
Ba6 16. Nc1 Qb8 17. N3e2 c5 18. dxc5 Bxc5 19. Nb3 Bb6 20. Qd2 a4 21. Nbd4 Nxd4
22. Nxd4 Bxd4 23. exd4 b4 24. Bg3 Qb7 25. Qxb4 Qxb4 26. axb4 Bxd3 27. Rxd3 Re2
28. Rf2 Re1+ 29. Rf1 Re2 30. Rf2 Re1+ 31. Rf1 1/2-1/2

[Event "37th ECC Open 2022"]
[Site "Mayrhofen AUT"]
[Date "2022.10.07"]
[Round "5.9"]
[Board "6"]
[White "Dimitrijeski, Kristian"]
[Black "Haag, Gregor"]
[Result "1/2-1/2"]
[WhiteTitle "CM"]
[WhiteElo "2154"]
[BlackElo "2316"]
[WhiteTeam "SK König Tegel 1949"]
[BlackTeam "Schachgesellschaft Riehen"]
[WhiteFideId "4627229"]
[BlackFideId "24680931"]
[EventDate "2022.10.03"]

1. d4 Nf6 2. c4 g6 3. Nc3 d5 4. cxd5 Nxd5 5. e4 Nxc3 6. bxc3 Bg7 7. Nf3 c5 8.
Bb5+ Nc6 9. O-O O-O 10. Be3 Bg4 11. Bxc6 bxc6 12. Rc1 Qa5 13. Qc2 c4 14. Qe2
Rab8 15. Qxc4 Be6 16. Qe2 Qxa2 17. Rc2 Qc4 18. Qxc4 Bxc4 19. Ra1 Rb7 20. Nd2 Bd3
21. Rca2 Ra8 22. f3 c5 23. dxc5 Bxc3 24. Rc1 Bg7 25. c6 Rc7 26. Nb3 Bb5 27. Rc5
Rb8 28. Na5 e5 29. Rb2 a6 30. Rc1 Bf8 31. Bc5 f6 32. Bxf8 Kxf8 33. Kf2 Ke7 34.
Ke3 1/2-1/2

[Event "37th ECC Open 2022"]
[Site "Mayrhofen AUT"]
[Date "2022.10.07"]
[Round "5.10"]
[Board "1"]
[White "Pechac, Jergus"]
[Black "Blomqvist, Erik"]
[Result "0-1"]
[WhiteTitle "GM"]
[BlackTitle "GM"]
[WhiteElo "2633"]
[BlackElo "2526"]
[WhiteTeam "Sentimento Ajka BSK"]
[BlackTeam "SK Rockaden"]
[WhiteFideId "14926970"]
[BlackFideId "1709437"]
[EventDate "2022.10.03"]

1. e4 c5 2. Nf3 d6 3. d4 cxd4 4. Nxd4 Nf6 5. Nc3 Nc6 6. Bg5 Bd7 7. Nxc6 bxc6 8.
Bc4 h6 9. Bh4 Qa5 10. O-O e6 11. Qd3 Ng4 12. Bb3 Nxh2 13. Rfe1 Ng4 14. Rad1 Ne5
15. Qh3 h5 16. Bg3 g5 17. Rd4 h4 18. f3 Be7 19. Red1 Rd8 20. Ra4 Qb6+ 21. Kf1
Bf6 22. Bf2 c5 23. Ra3 Ng6 24. e5 Bxe5 25. Ne4 Nf4 26. Qg4 h3 27. gxh3 f5 28.
Qxg5 fxe4 29. Re1 Bb5+ 30. c4 Bc6 31. Bh4 Rd7 0-1

[Event "37th ECC Open 2022"]
[Site "Mayrhofen AUT"]
[Date "2022.10.07"]
[Round "5.10"]
[Board "2"]
[White "Seo, Jung Min"]
[Black "Banusz, Tamas"]
[Result "1/2-1/2"]
[WhiteTitle "IM"]
[BlackTitle "GM"]
[WhiteElo "2520"]
[BlackElo "2622"]
[WhiteTeam "SK Rockaden"]
[BlackTeam "Sentimento Ajka BSK"]
[WhiteFideId "1734687"]
[BlackFideId "722413"]
[EventDate "2022.10.03"]

1. e4 c5 2. Nf3 Nc6 3. Bb5 e6 4. Bxc6 bxc6 5. d3 Ne7 6. Qe2 Ng6 7. h4 Qc7 8. h5
Nf4 9. Qd2 e5 10. Qc3 Nxg2+ 11. Kf1 Nf4 12. Bxf4 exf4 13. h6 Rg8 14. e5 d5 15.
exd6 Qxd6 16. Nbd2 Be6 17. Re1 O-O-O 18. Qa5 Qc7 19. Qxc7+ Kxc7 20. hxg7 Rxg7
21. Re4 Bd6 22. Nc4 Bd5 23. Nxd6 Rxd6 24. Rxf4 c4 25. b3 cxd3 26. cxd3 Be6 27.
Ke2 Rg4 28. Rf6 Rg6 29. Rf4 Rg4 30. Rf6 Rg6 1/2-1/2